000 00499nam a2200181Ia 4500
005 20250423095418.0
008 250422s9999 xx 000 0 und d
020 _a9789819914173
050 _aTN 870.56 .C44/
100 _aCheng Yuanfang, Yan Chuanliang, Han Zhongying
245 0 _aFoundations of rock mechanics in oil and gas engineering
260 _aChina
260 _bSpringer
260 _c2023
300 _a327 p
650 _a- Rock Mechanics - Petroleum Geology
942 _cBK
999 _c30197
_d30197